[Event "EU-ch blitz"]
[Site "Katowice"]
[Date "2017.12.15"]
[Round "21"]
[White "Amores Gago, Javier"]
[Black "Michalski, Filip"]
[Result "0-1"]
[WhiteElo "2139"]
[BlackElo "2089"]
[PlyCount "147"]
[EventDate "2017.12.15"]
[EventType "swiss (blitz)"]
[EventRounds "22"]
[EventCountry "POL"]
[SourceTitle "CBM 182 Extra"]
[Source "ChessBase"]
[SourceDate "2018.02.23"]
[SourceVersion "1"]
[SourceVersionDate "2018.02.23"]
[SourceQuality "1"]

1. e4 d6 2. Nc3 e5 3. g3 Nf6 4. Bg2 c6 5. d3 Be7 6. f4 exf4 7. Bxf4 Bg4 8. Nf3 Nbd7 9. h3 Bh5 10. g4 Bg6 11. 0-0 Qb6+ 12. Kh1 Qxb2 13. Qd2 Qb6 14. a4 a5 15. Rab1 Qc7 16. Bh2 Ne5 17. Nd4 h6 18. Nf5 Bxf5 19. Rxf5 0-0 20. d4 Ng6 21. Qf2 Nh7 22. Bg3 Nf6 23. Rf1 Qb6 24. Rb1 Qc7 25. Qf3 Nh7 26. Qf2 Nf6 27. Rf1 Qb6 28. Qd2 Rad8 29. Qd3 Qc7 30. Ne2 Qb6 31. c3 d5 32. e5 Nh7 33. Qf3 Nh4 34. Bxh4 Bxh4 35. Rxf7 Qb2 36. e6 Qa3 37. Qe3 Bf6 38. Rxf8+ Rxf8 39. Nf4 Ng5 40. Ng6 Re8 41. h4 Rxe6 42. Qf4 Ne4 43. Qb8+ Kf7 44. Nh8+ Ke7 45. Qc7+ Ke8 46. Qf7+ Kd8 47. Qxe6 Qxc3 48. Nf7+ Kc7 49. Bxe4 Qh3+ 50. Kg1 Bxd4+ 51. Rf2 Qg3+ 52. Kh1 Bxf2 53. Qe7+ Kb6 54. Qd8+ Ka6 55. Bd3+ Qxd3 56. Qd6 Qh3+ 57. Qh2 Qxh2+ 58. Kxh2 d4 59. Kg2 Bxh4 60. Kf3 Bg5 61. Ke4 c5 62. Nd6 Kb6 63. Nc4+ Ka6 64. Nd6 b6 65. Kd3 Ka7 66. Kc4 Bf4 67. Nf5 Be5 68. Ne7 Bf6 69. Nf5 Kb7 70. Kb5 Kc7 71. Kc4 Kc6 72. Ng3 Kd6 73. Ne4+ Ke5 74. Nf2 0-1

[Event "EU-ch blitz"]
[Site "Katowice"]
[Date "2017.12.15"]
[Round "20"]
[White "Koscielski, Janusch"]
[Black "Michalski, Filip"]
[Result "1/2-1/2"]
[WhiteElo "2339"]
[BlackElo "2089"]
[PlyCount "85"]
[EventDate "2017.12.15"]
[EventType "swiss (blitz)"]
[EventRounds "22"]
[EventCountry "POL"]
[SourceTitle "CBM 182 Extra"]
[Source "ChessBase"]
[SourceDate "2018.02.23"]
[SourceVersion "1"]
[SourceVersionDate "2018.02.23"]
[SourceQuality "1"]

1. e4 d6 2. d4 Nf6 3. Nc3 e5 4. Nf3 Nbd7 5. Bc4 Be7 6. 0-0 0-0 7. Re1 c6 8. a4 a5 9. b3 h6 10. Ba3 Nb6 11. Bf1 exd4 12. Nxd4 Re8 13. Qf3 d5 14. Bxe7 Rxe7 15. exd5 Nbxd5 16. Nxd5 Nxd5 17. Bc4 Rxe1+ 18. Rxe1 Nf6 19. Nf5 Bxf5 20. Qxf5 Qd2 21. Rf1 Re8 22. h3 Qd4 23. Qxa5 Ne4 24. Qe1 Nd6 25. Qd1 Qxd1 26. Rxd1 Nxc4 27. bxc4 Re4 28. Rd8+ Kh7 29. Rd7 Rxc4 30. Rxb7 Rxa4 31. Rxf7 Rc4 32. g3 Kg6 33. Re7 Rxc2 34. Kg2 Kf6 35. Rc7 c5 36. h4 c4 37. Kf3 Rc1 38. Rc5 g6 39. Ke4 c3 40. Rc6+ Kg7 41. Kf3 c2 42. Ke2 Kf7 43. Kf3 1/2-1/2

[Event "EU-ch blitz"]
[Site "Katowice"]
[Date "2017.12.15"]
[Round "18"]
[White "Michalski, Filip"]
[Black "Budrewicz, Krzysztof"]
[Result "1-0"]
[WhiteElo "2089"]
[BlackElo "2204"]
[PlyCount "87"]
[EventDate "2017.12.15"]
[EventType "swiss (blitz)"]
[EventRounds "22"]
[EventCountry "POL"]
[SourceTitle "CBM 182 Extra"]
[Source "ChessBase"]
[SourceDate "2018.02.23"]
[SourceVersion "1"]
[SourceVersionDate "2018.02.23"]
[SourceQuality "1"]

1. d4 Nf6 2. c4 e6 3. Nc3 Bb4 4. e3 b6 5. Nge2 Bb7 6. a3 Be7 7. Ng3 d5 8. f3 0-0 9. cxd5 Nxd5 10. Bd3 Nd7 11. e4 Nxc3 12. bxc3 c5 13. 0-0 Rc8 14. Bb2 Re8 15. Rc1 Bf8 16. Bb1 Ba6 17. Re1 Qc7 18. e5 cxd4 19. cxd4 Qb8 20. Qd2 Rxc1 21. Rxc1 Rc8 22. Rc2 g6 23. Ne4 Bc4 24. Qc1 Ba6 25. Ng5 Rxc2 26. Bxc2 Be7 27. Qf4 Qf8 28. Bb3 Bxg5 29. Qxg5 Bb7 30. h4 h6 31. Qc1 Kg7 32. Ba4 Nb8 33. Qf4 Qe7 34. Bc1 h5 35. Qh6+ Kg8 36. Qf4 Bd5 37. Qd2 Qxh4 38. Qc3 Qd8 39. Be3 Na6 40. Qc1 Nc7 41. Bg5 Qb8 42. Bf6 b5 43. Qh6 Qf8 44. Qh8# 1-0

[Event "POL-chT 2nd League"]
[Site "Szklarska Poreba"]
[Date "2017.09.05"]
[Round "4.3"]
[White "Michalski, Filip"]
[Black "Skomial, Mateusz"]
[Result "0-1"]
[WhiteElo "2166"]
[BlackElo "2039"]
[PlyCount "74"]
[EventDate "2017.09.02"]
[EventType "team-swiss"]
[EventRounds "9"]
[EventCountry "POL"]
[SourceTitle "CBM 180 Extra"]
[Source "ChessBase"]
[SourceDate "2017.10.06"]
[SourceVersion "1"]
[SourceVersionDate "2017.10.06"]
[SourceQuality "1"]
[WhiteTeam "Ostrow Wielkopolski"]
[BlackTeam "Stara Wies Parnas"]
[WhiteTeamCountry "POL"]
[BlackTeamCountry "POL"]

1. d4 d5 2. c4 e6 3. Nc3 Nf6 4. Bg5 Be7 5. cxd5 exd5 6. e3 0-0 7. Bd3 Be6 8. Qc2 h6 9. Bh4 c5 10. dxc5 Bxc5 11. Nf3 Nc6 12. 0-0 Be7 13. a3 Rc8 14. Rfd1 Qb6 15. Be2 Rfd8 16. Qd3 d4 17. exd4 g5 18. Bg3 g4 19. d5 Bxd5 20. Nd4 Bb3 21. Nxc6 Qxc6 22. Qe3 Bxd1 23. Bxd1 Qe6 24. Qxe6 fxe6 25. Bb3 Kf7 26. Re1 Nd5 27. Ne4 Rc6 28. Be5 Nf6 29. Ng3 Rdc8 30. Bf4 Rb6 31. Ba2 Nd5 32. Bc1 Bg5 33. Bxg5 hxg5 34. Ne4 Kg6 35. Bb1 Kh6 36. b4 Nc3 37. Rc1 Ne2+ 0-1

[Event "POL-ch U18 rapid"]
[Site "Wroclaw"]
[Date "2017.08.07"]
[Round "7"]
[White "Karpus, Michal"]
[Black "Michalski, Filip"]
[Result "1/2-1/2"]
[WhiteElo "2127"]
[BlackElo "1895"]
[PlyCount "80"]
[EventDate "2017.08.06"]
[EventType "swiss (rapid)"]
[EventRounds "11"]
[EventCountry "POL"]
[SourceTitle "CBM 180 Extra"]
[Source "ChessBase"]
[SourceDate "2017.10.06"]
[SourceVersion "1"]
[SourceVersionDate "2017.10.06"]
[SourceQuality "1"]

1. e4 d6 2. d4 Nf6 3. Nc3 e5 4. Nf3 Nbd7 5. a4 c6 6. Bc4 Be7 7. 0-0 0-0 8. h3 a5 9. Re1 h6 10. Be3 Re8 11. Ba2 Bf8 12. Qd2 exd4 13. Bxd4 Nb8 14. Rad1 Na6 15. Qf4 Qc7 16. Bxf6 gxf6 17. Qxf6 Be6 18. Bxe6 Rxe6 19. Qf4 Bg7 20. Nd4 Rg6 21. Nf5 Be5 22. Nxh6+ Kh7 23. Qxf7+ Kxh6 24. Qf3 Rag8 25. Qe3+ Kh7 26. g4 Nb4 27. Rd2 Qf7 28. Ne2 Rf8 29. Rf1 Qf3 30. Qxf3 Rxf3 31. Kg2 Rgf6 32. Ng1 R3f4 33. f3 Rf8 34. Ne2 R4f6 35. h4 Kg6 36. b3 Na6 37. Ng3 Bxg3 38. Kxg3 Re6 39. Rfd1 Rd8 40. h5+ Kh6 1/2-1/2

[Event "Poznan op 24th"]
[Site "Poznan"]
[Date "2016.08.13"]
[Round "6"]
[White "Hemmerling, Jaroslaw"]
[Black "Michalski, Filip"]
[Result "0-1"]
[WhiteElo "1939"]
[BlackElo "2054"]
[PlyCount "58"]
[EventDate "2016.08.08"]
[EventType "swiss"]
[EventRounds "9"]
[EventCountry "POL"]
[SourceTitle "CBM 173 Extra"]
[Source "ChessBase"]
[SourceDate "2016.08.29"]
[SourceVersion "1"]
[SourceVersionDate "2016.08.29"]
[SourceQuality "1"]

1. e4 e6 2. d4 d5 3. Nd2 Be7 4. Ngf3 Nf6 5. Bd3 c5 6. exd5 Nxd5 7. dxc5 Nd7 8. c6 bxc6 9. Nb3 0-0 10. 0-0 a5 11. a3 Qc7 12. c4 N5b6 13. Be3 a4 14. Nbd2 Nc5 15. Bxc5 Bxc5 16. Qe2 Rd8 17. Rad1 Ba6 18. Qe4 g6 19. Qe2 Bf8 20. Ne5 Bg7 21. f4 Nd7 22. Nxd7 Rxd7 23. Nf3 Qb6+ 24. Kh1 Qxb2 25. Qe4 Rad8 26. Qxc6 Bb7 27. Qxa4 Rxd3 28. Rxd3 Rxd3 29. Qe8+ Bf8 0-1

[Event "Poznan op 24th"]
[Site "Poznan"]
[Date "2016.08.11"]
[Round "4"]
[White "Szadkowski, Kamil"]
[Black "Michalski, Filip"]
[Result "1/2-1/2"]
[WhiteElo "2201"]
[BlackElo "2054"]
[PlyCount "49"]
[EventDate "2016.08.08"]
[EventType "swiss"]
[EventRounds "9"]
[EventCountry "POL"]
[SourceTitle "CBM 173 Extra"]
[Source "ChessBase"]
[SourceDate "2016.08.29"]
[SourceVersion "1"]
[SourceVersionDate "2016.08.29"]
[SourceQuality "1"]

1. e4 e6 2. d4 d5 3. Nc3 Nc6 4. Nf3 Nf6 5. Bd3 Nb4 6. 0-0 Nxd3 7. Qxd3 Be7 8. Bf4 0-0 9. Rfe1 dxe4 10. Nxe4 Nd5 11. Bd2 b6 12. c4 Nf6 13. Nfg5 g6 14. Qh3 h5 15. Qf3 Rb8 16. Bc3 Bb7 17. Rad1 Nxe4 18. Nxe4 Bxe4 19. Rxe4 c6 20. Ree1 Bf6 21. Qxc6 Rc8 22. Qa4 Qc7 23. b3 Rfd8 24. Re3 Rd7 25. Rf3 1/2-1/2

[Event "Poznan op 24th"]
[Site "Poznan"]
[Date "2016.08.09"]
[Round "2"]
[White "Michalski, Filip"]
[Black "Klimkowski, Jan"]
[Result "1-0"]
[WhiteElo "2054"]
[BlackElo "1443"]
[PlyCount "77"]
[EventDate "2016.08.08"]
[EventType "swiss"]
[EventRounds "9"]
[EventCountry "POL"]
[SourceTitle "CBM 173 Extra"]
[Source "ChessBase"]
[SourceDate "2016.08.29"]
[SourceVersion "1"]
[SourceVersionDate "2016.08.29"]
[SourceQuality "1"]

1. d4 Nf6 2. c4 e6 3. Nc3 Bb4 4. e3 c5 5. Nge2 b6 6. a3 Ba5 7. Rb1 Bxc3+ 8. Nxc3 0-0 9. Be2 Bb7 10. 0-0 Nc6 11. b4 cxb4 12. axb4 d5 13. b5 Ne7 14. c5 a6 15. bxa6 Bxa6 16. Rxb6 Bxe2 17. Qxe2 Rb8 18. Ra6 Qc7 19. Bd2 Rb2 20. Na4 Ra2 21. Nb6 Rb2 22. Qd3 Ne4 23. Bc1 Rxf2 24. Rxf2 Nxf2 25. Kxf2 Qxh2 26. Ra2 Nf5 27. Ke1 Ng3 28. Kd1 Qg1+ 29. Kc2 Qxg2+ 30. Kb3 Qg1 31. Bb2 h5 32. c6 h4 33. c7 g6 34. Ra8 h3 35. Rxf8+ Kxf8 36. c8Q+ Kg7 37. Ba3 h2 38. Qf8+ Kf6 39. Be7# 1-0

[Event "POL-ch U18"]
[Site "Szklarska Poreba"]
[Date "2016.03.16"]
[Round "1"]
[White "Kaminski, Piotr1111"]
[Black "Michalski, Filip"]
[Result "0-1"]
[WhiteElo "1920"]
[BlackElo "2155"]
[PlyCount "112"]
[EventDate "2016.03.13"]
[EventType "swiss"]
[EventRounds "9"]
[EventCountry "POL"]
[SourceTitle "EXT 2018"]
[Source "ChessBase"]
[SourceDate "2017.10.13"]
[SourceVersion "1"]
[SourceVersionDate "2017.10.13"]
[SourceQuality "1"]

1. e4 e6 2. d4 d5 3. Nc3 Nc6 4. Nf3 Nf6 5. e5 Ne4 6. Bd3 Bb4 7. Bd2 Nxd2 8. Qxd2 f6 9. a3 Bxc3 10. Qxc3 fxe5 11. dxe5 0-0 12. 0-0-0 Bd7 13. h4 Qe7 14. Rh3 Rf4 15. Rg3 a5 16. Qd2 Raf8 17. h5 h6 18. Qe3 Kh8 19. Rh1 d4 20. Qe2 Qc5 21. Nh4 Be8 22. Nf3 Ne7 23. Rh4 Nd5 24. Rhg4 Rxg4 25. Rxg4 Nf4 26. Rxf4 Rxf4 27. g3 Rg4 28. Nh2 Rg5 29. Qe4 g6 30. Ng4 Kg7 31. Nf6 Bc6 32. Qh4 Qxe5 33. Ne4 Rf5 34. f4 Qd5 35. hxg6 Kxg6 36. g4 Kg7 37. gxf5 Qxf5 38. Qe7+ Qf7 39. Qxf7+ Kxf7 40. Ng3 Bf3 41. Kd2 Kf6 42. Ke1 h5 43. Kf2 Bg4 44. Be4 b5 45. Bf3 Bxf3 46. Kxf3 h4 47. Ne2 c5 48. Ke4 h3 49. Ng3 a4 50. b3 b4 51. axb4 a3 52. bxc5 a2 53. Kxd4 a1Q+ 54. Kc4 Qg1 55. Ne4+ Ke7 56. c6 h2 0-1

[Event "POL-ch U18"]
[Site "Szklarska Poreba"]
[Date "2016.03.16"]
[Round "5"]
[White "Michalski, Filip"]
[Black "Tomczak, Mikolaj"]
[Result "0-1"]
[WhiteElo "2155"]
[BlackElo "2308"]
[PlyCount "54"]
[EventDate "2016.03.13"]
[EventType "swiss"]
[EventRounds "9"]
[EventCountry "POL"]
[SourceTitle "EXT 2018"]
[Source "ChessBase"]
[SourceDate "2017.10.13"]
[SourceVersion "1"]
[SourceVersionDate "2017.10.13"]
[SourceQuality "1"]

1. d4 d6 2. c4 e5 3. e3 Nf6 4. Nc3 Nbd7 5. Be2 g6 6. Qc2 Bg7 7. Bd2 0-0 8. 0-0-0 exd4 9. exd4 c5 10. Be3 cxd4 11. Bxd4 Qa5 12. h3 Ne5 13. g4 Be6 14. f4 Nc6 15. Bf2 b5 16. f5 Nb4 17. Qb3 bxc4 18. Qa3 Bh6+ 19. Rd2 Qxa3 20. bxa3 Bd5 21. Nf3 Bxf3 22. Bxf3 Nd3+ 23. Kc2 Bxd2 24. Kxd2 Nxf2 25. Rf1 Nxh3 26. Bxa8 Rxa8 27. fxg6 Kg7 0-1

[Event "POL-ch U18"]
[Site "Szklarska Poreba"]
[Date "2016.03.15"]
[Round "4"]
[White "Michalski, Filip"]
[Black "Osinski, Emil"]
[Result "1/2-1/2"]
[WhiteElo "2155"]
[BlackElo "2017"]
[PlyCount "81"]
[EventDate "2016.03.13"]
[EventType "swiss"]
[EventRounds "9"]
[EventCountry "POL"]
[SourceTitle "EXT 2018"]
[Source "ChessBase"]
[SourceDate "2017.10.13"]
[SourceVersion "1"]
[SourceVersionDate "2017.10.13"]
[SourceQuality "1"]

1. d4 Nf6 2. c4 g6 3. Nc3 Bg7 4. Nf3 0-0 5. e4 d6 6. Be2 e5 7. d5 Nbd7 8. Be3 Ng4 9. Bg5 f6 10. Bh4 a5 11. Nd2 Nh6 12. a3 Nc5 13. b4 Na6 14. Rb1 axb4 15. axb4 Bd7 16. f3 b6 17. 0-0 Qe8 18. Bf2 f5 19. Bd3 fxe4 20. Ncxe4 Bf5 21. Qe2 Qc8 22. Rfc1 Bxe4 23. Nxe4 Nf5 24. c5 bxc5 25. bxc5 Nxc5 26. Nxc5 dxc5 27. Bxc5 Rf7 28. d6 cxd6 29. Bxd6 Qd8 30. Bc5 Rd7 31. Bc4+ Kh8 32. Bb6 Qg5 33. Rd1 Nd4 34. Qe4 Rf8 35. Bxd4 exd4 36. Re1 Bf6 37. Rb7 Rxb7 38. Qxb7 Qc5 39. Qb5 Qxb5 40. Bxb5 Bg5 41. Kf2 1/2-1/2

[Event "POL-ch U18"]
[Site "Szklarska Poreba"]
[Date "2016.03.14"]
[Round "2"]
[White "Michalski, Filip"]
[Black "Kucza, Karol"]
[Result "1/2-1/2"]
[WhiteElo "2155"]
[BlackElo "2310"]
[PlyCount "81"]
[EventDate "2016.03.13"]
[EventType "swiss"]
[EventRounds "9"]
[EventCountry "POL"]
[SourceTitle "EXT 2018"]
[Source "ChessBase"]
[SourceDate "2017.10.13"]
[SourceVersion "1"]
[SourceVersionDate "2017.10.13"]
[SourceQuality "1"]

1. d4 d5 2. c4 c6 3. Nc3 Nf6 4. e3 e6 5. Nf3 Nbd7 6. Qc2 Bd6 7. Bd3 dxc4 8. Bxc4 0-0 9. 0-0 b5 10. Bd3 Bb7 11. Ng5 h6 12. Nge4 Be7 13. a3 a5 14. Bd2 Nd5 15. Nxd5 exd5 16. Ng3 Re8 17. Nf5 Bf8 18. f3 Qb6 19. b4 axb4 20. axb4 Qd8 21. e4 Nb6 22. Bc3 Nc4 23. Rxa8 Qxa8 24. Ra1 Qd8 25. e5 Qg5 26. h4 Qd8 27. Qc1 Bc8 28. Qf4 Qb6 29. Nxh6+ gxh6 30. Bh7+ Kxh7 31. Qxf7+ Bg7 32. Qxe8 Qb7 33. e6 Nd6 34. Qd8 Nf5 35. g4 Nxd4 36. e7 Qb8 37. Kg2 Nxf3 38. Kxf3 Qh2 39. e8Q Qh3+ 40. Kf2 Qh2+ 41. Kf3 1/2-1/2

[Event "POL-chT 2nd League"]
[Site "Jastrzebia Gora"]
[Date "2015.09.08"]
[Round "4.28"]
[White "Michalski, Filip"]
[Black "Zurkowski, Andrzej"]
[Result "0-1"]
[WhiteElo "2176"]
[BlackElo "2086"]
[PlyCount "76"]
[EventDate "2015.09.05"]
[EventType "team-swiss"]
[EventRounds "9"]
[EventCountry "POL"]
[SourceTitle "EXT 2017"]
[Source "ChessBase"]
[SourceDate "2016.10.25"]
[SourceVersion "1"]
[SourceVersionDate "2016.10.25"]
[SourceQuality "1"]
[WhiteTeam "Ostrow Wielkopolski"]
[BlackTeam "Debica Gryf"]
[WhiteTeamCountry "POL"]
[BlackTeamCountry "POL"]

1. d4 Nf6 2. c4 e5 3. dxe5 Ng4 4. Bf4 Bb4+ 5. Nd2 Nc6 6. Ngf3 Qe7 7. a3 Ngxe5 8. Nxe5 Nxe5 9. e3 Bxd2+ 10. Qxd2 0-0 11. Be2 d6 12. 0-0 b6 13. Qc3 Bb7 14. b4 Ng6 15. Bg3 f5 16. Rfe1 a5 17. Rac1 axb4 18. axb4 c5 19. bxc5 dxc5 20. Rcd1 Rf6 21. Bf1 Re6 22. Qd2 Re8 23. f3 Qg5 24. Qc3 Bc6 25. Kh1 h5 26. Bf2 h4 27. Qd2 h3 28. Bg3 Qh5 29. Qf2 Nf8 30. Rd6 Rxd6 31. Bxd6 Ne6 32. Bg3 Ng5 33. e4 fxe4 34. f4 e3 35. Rxe3 Ne4 36. Qe1 Nxg3+ 37. Kg1 Nxf1 38. Rxe8+ Qxe8 0-1

[Event "Split op 5th"]
[Site "Split"]
[Date "2015.08.15"]
[Round "8"]
[White "Michalski, Filip"]
[Black "Galic, Ivan"]
[Result "1-0"]
[WhiteElo "2017"]
[BlackElo "2386"]
[PlyCount "48"]
[EventDate "2015.08.09"]
[EventType "swiss"]
[EventRounds "9"]
[EventCountry "CRO"]
[SourceTitle "EXT 2016"]
[Source "ChessBase"]
[SourceDate "2015.10.08"]
[SourceVersion "1"]
[SourceVersionDate "2015.10.08"]
[SourceQuality "1"]

1. d4 Nf6 2. c4 e6 3. Nc3 Bb4 4. e3 c5 5. Nge2 b6 6. a3 Ba5 7. Rb1 Na6 8. Ng3 Bb7 9. f3 0-0 10. Bd3 d5 11. 0-0 cxd4 12. Nb5 Nc5 13. b4 Nxd3 14. Qxd3 e5 15. bxa5 a6 16. Nxd4 dxc4 17. Qxc4 b5 18. Nxb5 axb5 19. Qc3 Rc8 20. Qxe5 Qd3 21. Bb2 Rc2 22. Bd4 Qg6 23. Rbc1 h5 24. Rxc2 Qxc2 1-0

[Event "Warsaw Najdorf Memorial op-B 13th"]
[Site "Warsaw"]
[Date "2015.07.13"]
[Round "4"]
[White "Ossolinski, Ziemowit"]
[Black "Michalski, Filip"]
[Result "0-1"]
[WhiteElo "1582"]
[BlackElo "2009"]
[PlyCount "62"]
[EventDate "2015.07.10"]
[EventType "swiss"]
[EventRounds "9"]
[EventCountry "POL"]
[SourceTitle "CBM 167 Extra"]
[Source "ChessBase"]
[SourceDate "2015.09.14"]
[SourceVersion "1"]
[SourceVersionDate "2015.09.14"]
[SourceQuality "1"]

1. e4 e6 2. d4 d5 3. exd5 exd5 4. Bd3 Bd6 5. Qf3 Ne7 6. Ne2 Nbc6 7. c3 Be6 8. Bf4 Qd7 9. Bxd6 Qxd6 10. Nd2 0-0-0 11. Nb3 g5 12. Nc5 Kb8 13. 0-0-0 Ng6 14. Qg3 f6 15. Nxe6 Qxe6 16. f4 Nge7 17. Rde1 h6 18. Rhf1 Rhf8 19. Qf3 g4 20. Qf2 f5 21. Ng3 Qg6 22. Qc2 h5 23. Rf2 h4 24. Nf1 Rf6 25. Rfe2 Nc8 26. g3 Nxd4 27. Qb1 Nxe2+ 28. Rxe2 Nd6 29. Qc2 Ne4 30. Qd1 hxg3 31. hxg3 Rfd6 0-1

[Event "Warsaw Najdorf Memorial op-B 13th"]
[Site "Warsaw"]
[Date "2015.07.12"]
[Round "3"]
[White "Michalski, Filip"]
[Black "Helaszek, Edward"]
[Result "1/2-1/2"]
[WhiteElo "2009"]
[BlackElo "2061"]
[PlyCount "82"]
[EventDate "2015.07.10"]
[EventType "swiss"]
[EventRounds "9"]
[EventCountry "POL"]
[SourceTitle "CBM 167 Extra"]
[Source "ChessBase"]
[SourceDate "2015.09.14"]
[SourceVersion "1"]
[SourceVersionDate "2015.09.14"]
[SourceQuality "1"]

1. d4 Nf6 2. c4 g6 3. Nc3 Bg7 4. e4 d6 5. Nf3 0-0 6. Be2 e5 7. Be3 Ng4 8. Bg5 f6 9. Bh4 g5 10. Bg3 Nh6 11. d5 f5 12. exf5 Nxf5 13. Nd2 Nd7 14. Nde4 h6 15. 0-0 Nf6 16. Rc1 b6 17. b4 a5 18. a3 axb4 19. axb4 Nd4 20. Nxf6+ Bxf6 21. Bg4 Ra3 22. Ne4 Bd7 23. Re1 Ba4 24. Qd2 Qa8 25. Rc3 Be8 26. Rxa3 Qxa3 27. h4 gxh4 28. Nxf6+ Rxf6 29. Bxe5 dxe5 30. Rxe5 Bf7 31. Qxd4 Qxb4 32. Rg5+ hxg5 33. Qxf6 Qxc4 34. Qxg5+ Kf8 35. Be6 Bxe6 36. dxe6 Qxe6 37. Qxh4 Ke8 38. Qa4+ Kd8 39. f4 Qe1+ 40. Kh2 Qh4+ 41. Kg1 Qe1+ 1/2-1/2

[Event "POL-chT3 Wielkopolskie 1415"]
[Site "Poland"]
[Date "2015.01.18"]
[Round "5.20"]
[White "Kulon, Klaudia"]
[Black "Michalski, Filip"]
[Result "1/2-1/2"]
[WhiteElo "2374"]
[BlackElo "1942"]
[PlyCount "96"]
[EventDate "2014.11.30"]
[EventType "team-tourn"]
[EventRounds "11"]
[EventCountry "POL"]
[SourceTitle "EXT 2019"]
[Source "ChessBase"]
[SourceDate "2018.10.10"]
[SourceVersion "1"]
[SourceVersionDate "2018.10.10"]
[SourceQuality "1"]

1. c4 c5 2. g3 g6 3. Bg2 Bg7 4. Nc3 Nc6 5. e3 e6 6. Nge2 Nge7 7. d4 cxd4 8. exd4 d5 9. c5 0-0 10. 0-0 b6 11. Qa4 Bd7 12. Qd1 Nf5 13. cxb6 Qxb6 14. Na4 Qb5 15. Nec3 Qb4 16. g4 Nfxd4 17. Be3 Qd6 18. Kh1 f5 19. Ne2 e5 20. Nac3 Be6 21. Bxd4 Nxd4 22. Nxd4 exd4 23. Ne2 fxg4 24. Nxd4 Rad8 25. Rc1 Bf5 26. Nc6 Rd7 27. Bxd5+ Kh8 28. Bg2 Bxb2 29. Qxd6 Rxd6 30. Rcd1 Rxd1 31. Rxd1 a6 32. a4 Re8 33. Kg1 Be4 34. Nb4 Bxg2 35. Kxg2 Re4 36. Nxa6 Rxa4 37. Nc5 Ra8 38. Rd7 Re8 39. Kg3 Be5+ 40. Kxg4 Bxh2 41. f4 Bg1 42. Nd3 Be3 43. Kg5 Re4 44. Kf6 Re8 45. Kg5 Re4 46. Kh6 Kg8 47. Rg7+ Kf8 48. Kxh7 Re7 1/2-1/2

[Event "POL-chT U19 3rd League Wielkopolska"]
[Site "Wielkopolska"]
[Date "2014.12.30"]
[Round "8.20"]
[White "Przymus, Lukasz"]
[Black "Michalski, Filip"]
[Result "0-1"]
[WhiteElo "1313"]
[BlackElo "1674"]
[PlyCount "100"]
[EventDate "2014.01.18"]
[EventType "team-tourn"]
[EventRounds "9"]
[EventCountry "POL"]
[SourceTitle "EXT 2020"]
[Source "ChessBase"]
[SourceDate "2019.10.17"]
[SourceVersion "1"]
[SourceVersionDate "2019.10.17"]
[SourceQuality "1"]
[WhiteTeam "Jarocin JKSW U19"]
[BlackTeam "Ostrow Wielkopolski U19"]
[WhiteTeamCountry "POL"]
[BlackTeamCountry "POL"]

1. e4 e6 2. d4 d5 3. Nc3 dxe4 4. Nxe4 Nd7 5. Nf3 Ngf6 6. Bd3 Be7 7. Nxf6+ Nxf6 8. Qe2 0-0 9. 0-0 b6 10. Bg5 Bb7 11. Bxf6 Bxf6 12. c3 Rc8 13. Ba6 Qd5 14. Bxb7 Qxb7 15. Nd2 Rfd8 16. Ne4 Be7 17. Rad1 Rd7 18. Ng3 Rcd8 19. Qg4 Rd5 20. f4 Qc6 21. Rf2 Kh8 22. Qf3 Qd7 23. Rfd2 c5 24. Kh1 Bf6 25. Ne4 cxd4 26. Nxf6 gxf6 27. Rxd4 Rxd4 28. Rxd4 Qe7 29. Rxd8+ Qxd8 30. g3 Kg7 31. b3 Qd2 32. Qg2 Qxc3 33. h3 Qd4 34. Kh2 Qe3 35. Qb7 Qf2+ 36. Qg2 Qd4 37. Qb7 a5 38. Qg2 e5 39. fxe5 fxe5 40. Qf2 h6 41. Qf3 Qb2+ 42. Qg2 Qxg2+ 43. Kxg2 Kg6 44. Kf3 f5 45. a4 Kf6 46. h4 Ke6 47. Ke3 Kd5 48. Kd3 e4+ 49. Ke3 Ke5 50. h5 Kd5 0-1

[Event "POL-chT U19 2nd League"]
[Site "Szczyrk"]
[Date "2014.08.02"]
[Round "11.134"]
[White "Piotrowicz, Jakub"]
[Black "Michalski, Filip"]
[Result "1/2-1/2"]
[WhiteElo "1388"]
[BlackElo "1740"]
[PlyCount "83"]
[EventDate "2014.07.25"]
[EventType "team-swiss"]
[EventRounds "11"]
[EventCountry "POL"]
[SourceTitle "EXT 2015"]
[Source "ChessBase"]
[SourceDate "2014.11.20"]
[SourceVersion "1"]
[SourceVersionDate "2014.11.20"]
[SourceQuality "1"]
[WhiteTeam "Chylice KS Laura U19 II"]
[BlackTeam "Wielkopolski OTSz Ostrow U19"]
[WhiteTeamCountry "POL"]
[BlackTeamCountry "POL"]

1. d4 e6 2. c4 d5 3. Nf3 Nf6 4. Bg5 Be7 5. e3 0-0 6. Nc3 c6 7. Bd3 dxc4 8. Bxc4 b5 9. Bb3 a6 10. 0-0 Nbd7 11. Rc1 Bb7 12. Qe2 c5 13. Rfd1 Qb6 14. Ne5 Rfd8 15. Nxd7 Rxd7 16. dxc5 Rxd1+ 17. Nxd1 Qc6 18. f3 h6 19. Bxf6 Bxf6 20. Nf2 Rd8 21. a3 a5 22. Bc2 b4 23. Be4 Qc8 24. axb4 axb4 25. Bxb7 Qxb7 26. Ne4 Be5 27. b3 f5 28. Nf2 Bc3 29. Qc4 Qc6 30. Rd1 Rd5 31. Nd3 Kh8 32. Kf2 Qc7 33. g3 Qa5 34. Kg2 Qc7 35. Nf2 Re5 36. Nd3 Rd5 37. e4 fxe4 38. fxe4 Rd4 39. Qxe6 Qd8 40. c6 Rd6 41. Nf2 Rxd1 42. Nxd1 1/2-1/2